| 000 | 00489nam a2200181Ia 4500 | ||
|---|---|---|---|
| 003 | LDD | ||
| 008 | 181101s9999 xx 000 0 und d | ||
| 020 |
_a97893827750207 _c261.00 |
||
| 040 | _cLDD | ||
| 100 | _aJafri, Yunus | ||
| 245 | 0 |
_aMushk-e-khutan _cYunus Jafri |
|
| 260 |
_aNew Delhi _bDilli Kitab Ghar _c2014 |
||
| 300 | _a504p. | ||
| 901 |
_a15921 _b17-03-2017 |
||
| 902 |
_a2841 _b17-03-2017 _cF _dPIBD _e8U |
||
| 903 |
_a20 _bReqst by : Mohd. Akbar |
||
| 942 |
_2ddc _cUR |
||
| 999 |
_c332 _d332 |
||